Tři sestry

Podrobná bibliografia
Hlavný autor: Čechov, Anton Pavlovič, 1860-1904 (Autor)
Médium: Kniha
Jazyk:neznámy jazyk
PhysicalDescription:88 s.
Vydavateľské údaje: Praha F. Šimáček 1907

MARC

LEADER 00000nam a2200000 a 4500
001 vtls001383261
003 SK-MaSNL
005 20260301161422.0
008 240314s1907 xx 0 und
035 |a SNK000337334 
040 |a SNK  |b slo  |c SNK  |e AACR2 
100 1 |a Čechov, Anton Pavlovič,  |d 1860-1904  |4 aut  |9 98221 
245 1 0 |a Tři sestry 
260 |a Praha  |b F. Šimáček  |c 1907 
300 |a 88 s. 
958 |a ONDV 
999 |c 809381  |d 811311 
952 |t P60, <05>, [BOOK], {605}  |a SNK  |b SNK  |y PREZ  |7 0  |p 17A0133358  |o snkID 42861  |0 0  |1 0  |4 0  |d 2000-02-19  |l 0  |r 2005-01-02 00:00:00  |w 2026-02-24